000 00370nam a2200133Ia 4500
008 100328s9999 xx 000 0 und d
082 _b35558
100 _aअदवंत म. ना.
245 _aपैंजण
260 _bसाहित्य प्रसार केंद्र
630 _aपैंजण
730 _aपैंजण
942 _cBOOK
999 _c525435
_d525432